| 000 | 00424nam a2200121Ia 4500 | ||
|---|---|---|---|
| 008 | 220616s9999||||xx |||||||||||||| ||und|| | ||
| 245 | 0 |
_aFinite Element Analysis _bFrom Biomedical Applications to Industrial Developments |
|
| 546 | _aEnglish[eng] | ||
| 650 | _aComputer modelling & simulation | ||
| 700 | _aMoratal, David | ||
| 856 | _uhttps://mts.intechopen.com/storage/books/2156/authors_book/authors_book.pdf | ||
| 942 | _cEB | ||
| 999 |
_c19732 _d19732 |
||